000 00905cab a2200289 4500
001 ABS56777
008 090401t1997 xxu||||| |||| 00| 0 eng d
035 _a(Sirsi) u77499
041 _aeng
100 _aFrench, N.
245 _aClient perception of property investment valuation reports in the UK
260 _c1997
350 _a0
490 _aJournal of Property Research
_v(14) March 1997, 27-47(21)
520 _aFocuses on one part of the valuation process, the final valuation report submitted to the client, and examines levels of satisfaction with it. References.
650 _aCLIENT SATISFACTION
650 _aPROPERTY INVESTMENT
650 _aVALUATION REPORTS
650 _aValuation
_96273
690 _aRATING AND VALUATION
700 _aNewell, G.
700 _aCrosby, N.
700 _aMatysiak, G.
700 _aRodney, B.
942 _n0
948 _c02/04/1997
999 _c48726
_d48726